Missing Word: Video Game Subtitles A-Z Quiz Stats

 Plays Quiz Updated Jul 17, 2019

Score 0/26 Timer 03:00
0 Plays Today
Video Game Missing Word % Correct
The Sims 4: ______ & DogsCats
95.7%
007: Tomorrow ______ DiesNever
88.6%
Call of Duty 4: Modern ______Warfare
81.6%
Sonic Riders: ______ GravityZero
81.3%
WWF SmackDown! ______ Bring ItJust
81%
Assassin's Creed IV: ______ FlagBlack
76.9%
Castlevania II: Simon's ______Quest
75.4%
Spyro: ______ of the DragonYear
74.2%
Grand Theft Auto: ______ CityVice
71.2%
Guitar Hero III: ______ of RockLegends
70.8%
Super Mario World 2: Yoshi's ______Island
66%
Star Wars: ______ vs. TIE FighterX-Wing
61.1%
Need for Speed: Hot ______Pursuit
60.9%
Video Game Missing Word % Correct
Injustice: ______ Among UsGods
56.2%
Batman: Arkham ______Knight
54.5%
The Legend of Zelda: Majora's ______Mask
53.4%
Crash Bandicoot 2: Cortex ______ BackStrikes
51.6%
Mortal Kombat: ______ AllianceDeadly
46.3%
Metroid II: ______ of SamusReturn
44.1%
The Witcher 3: Wild ______Hunt
41.8%
Tom Clancy's Splinter Cell: Chaos ______Theory
41%
Wolfenstein: The ______ BloodOld
40.6%
Uncharted: Drake's ______Fortune
35.1%
Metal Gear Solid 3: Snake ______Eater
31.8%
Resident Evil: The ______ ChroniclesUmbrella
29.5%
Tomb Raider: The ______ of DarknessAngel
20.2%

Today's Daily Dose

Missing Word
1940s A-Z

Quick Pick
'S' Athletes

Get the Picture
Depp or Bonham Carter

You're not logged in!

Compare scores with friends on all Sporcle quizzes.
OR
Log In

Sporcle TV

Today on Sporcle TV


Watch our educational content, quiz creation guides, and fun videos on Sporcle TV.

Show Comments

Extras

Top Quizzes Today


Score Distribution

Your Account Isn't Verified!

In order to create a playlist on Sporcle, you need to verify the email address you used during registration. Go to your Sporcle Settings to finish the process.

Report this User

Report this user for behavior that violates our Community Guidelines.

Details: